MARC

LEADER 00000nas a2200000 a 4500
001 ssj0000971440
003 WaSeSS
005 20200512172242.0
006 m d
007 cr n
008 120815d199u2016ko || p s | 0eng
010 |a  2012212026 
022 |y 2234-8867 
035 |a (WaSeSS)ssj0000971440 
040 |a DLC  |b eng  |c DLC  |d DLC  |d OCLCF  |d OCLCO  |d DLC  |d WaSeSS 
042 |a pcc 
043 |a ae----- 
050 0 0 |a HC460.5.A1  |a J675 
245 0 0 |a Journal of East Asian economic integration  |h [electronic resource]. 
260 |a Seoul, Korea :  |b Korea Institute for International Economic Policy 
362 1 |a Ceased in 2016. 
506 |a License restrictions may limit access. 
588 |a Description based on: Volume 16, number 1 (March 2012); title from title page. 
588 |a Latest issue consulted: Volume 16, number 1 (March 2012). 
650 0 |a Industrial promotion  |z East Asia  |v Periodicals. 
650 7 |a Economic history.  |2 fast  |0 (OCoLC)fst00901974 
650 7 |a Industrial promotion.  |2 fast  |0 (OCoLC)fst00971549 
651 0 |a East Asia  |x Economic conditions  |v Periodicals. 
651 7 |a East Asia.  |2 fast  |0 (OCoLC)fst01243628 
655 0 |a Electronic journals. 
710 2 |a Taeoe Kyŏngje Chŏngch'aek Yŏn'guwŏn (Korea) 
785 0 0 |t East Asian economic review  |x 2508-1640  |w (DLC) 2016211951  |w (OCoLC)960643130 
850 |a DLC 
856 4 0 |z Full text available from Research Library: 03/01/2013 to 03/31/2016  |u https://search.proquest.com/publication/2029670